Die 10 längsten Achterbahnen Deutschlands im Jahr 2000 - Statistiken

Allgemein
  • Dieses Quiz wurde 25 mal gespielt
  • Das Durchschnittsergebnis liegt bei 4 aus 10
Antwortstatistiken
Platz Achterbahn Länge % Korrekt
6 Euro-Mir 980,0
83%
8 Eurosat 922,0
52%
1 Colorado Adventure 1279,9
43%
3 Space Center 1174,0
43%
4 Wild Wild West 1099,1
43%
7 Gebirgsbahn 979,9
35%
5 Bobbahn 990,0
26%
2 Olympia Looping 1250,0
26%
9 Alpina Bahn 910,0
17%
10 Eurostar 844,0
13%
Keine übereinstimmenden Quizze gefunden
Verteilung der Resultate
Anzahl Personen mit jedem Resultat
Perzentil nach korrekt beantworteten Fragen
Ihre Resultats-Entwicklung
Sie haben dieses Quiz noch nicht gespielt